[Event "Mauricie op"]
[Site "Trois-Rivieres CAN"]
[Date "2015.03.24"]
[Round "5"]
[White "Hebert, Jean"]
[Black "Luksza, Arkadiusz"]
[Result "1-0"]
[WhiteElo "2450"]
[BlackElo "2202"]
[PlyCount "115"]
[GameId "2160767908959595"]
[EventDate "2015.03.20"]
[EventType "swiss"]
[EventRounds "5"]
[EventCountry "CAN"]

1. Nf3 Nf6 2. c4 e6 3. g3 d5 4. Bg2 c6 5. b3 Nbd7 6. d4 Be7 7. O-O O-O 8. Bb2 Ne4 9. Ne1 f5 10. Nd3 Bd6 11. e3 Qe7 12. Nd2 Rf6 13. f3 Ng5 14. Qe2 Rh6 15. e4 Nh3+ 16. Bxh3 Rxh3 17. Qg2 Rh6 18. Rae1 Qf8 19. Rc1 b6 20. e5 Be7 21. Rc2 Ba6 22. Rfc1 c5 23. Nf4 Bg5 24. Kh1 Bxf4 25. gxf4 Bb7 26. Ba3 Rc8 27. dxc5 bxc5 28. cxd5 Bxd5 29. Qf2 Rh3 30. Kg2 Rh5 31. Bxc5 Nxc5 32. Rxc5 Rd8 33. Rc7 g5 34. fxg5 Rxg5+ 35. Kf1 Qe8 36. a4 f4 37. Qd4 Qf8 38. h4 Rg3 39. Kf2 Kh8 40. h5 Qg8 41. Qxf4 Rg2+ 42. Ke3 Rf8 43. Qxf8 Qxf8 44. Rc8 Qxc8 45. Rxc8+ Kg7 46. Rc7+ Kh6 47. Rxa7 Rg5 48. b4 Rxe5+ 49. Ne4 Rxh5 50. Nf6 Re5+ 51. Kd4 Rf5 52. Nxd5 Rxd5+ 53. Kc4 Kg6 54. Re7 Re5 55. a5 h5 56. a6 Re3 57. b5 h4 58. a7 1-0

[Event "Gatineau op"]
[Site "Gatineau CAN"]
[Date "2015.03.06"]
[Round "1"]
[White "Hebert, Jean"]
[Black "Adriaanse, Adam"]
[Result "1-0"]
[WhiteElo "2467"]
[BlackElo "2132"]
[PlyCount "87"]
[GameId "2160767908959724"]
[EventDate "2015.03.06"]
[EventType "swiss"]
[EventRounds "5"]
[EventCountry "CAN"]

1. Nf3 Nf6 2. c4 c6 3. d4 d5 4. Nc3 e6 5. e3 Nbd7 6. Qc2 Bd6 7. b3 O-O 8. Be2 e5 9. cxd5 cxd5 10. Nb5 Bb8 11. dxe5 Nxe5 12. O-O Nxf3+ 13. Bxf3 Ng4 14. g3 Qf6 15. Nd4 Be5 16. Bg2 Qh6 17. h3 Nf6 18. h4 Ng4 19. Rd1 Bd7 20. Qe2 Qd6 21. f4 Bf6 22. Qf3 Nh6 23. Qxd5 Qxd5 24. Bxd5 Nf5 25. Kf2 Nxd4 26. exd4 Rfd8 27. Be3 Bg4 28. Bf3 Bxf3 29. Kxf3 Rac8 30. Rac1 h5 31. Rxc8 Rxc8 32. d5 b6 33. Rc1 Rxc1 34. Bxc1 Kf8 35. Be3 g6 36. f5 Ke8 37. fxg6 fxg6 38. b4 Kd7 39. Ke4 Bc3 40. b5 Be1 41. Bf4 Kc8 42. Ke5 Bc3+ 43. Ke6 Kd8 44. d6 1-0

[Event "Gatineau op"]
[Site "Gatineau CAN"]
[Date "2015.03.07"]
[Round "2"]
[White "Pacey, Kevin"]
[Black "Hebert, Jean"]
[Result "0-1"]
[WhiteElo "2238"]
[BlackElo "2467"]
[PlyCount "62"]
[GameId "2160767908959740"]
[EventDate "2015.03.06"]
[EventType "swiss"]
[EventRounds "5"]
[EventCountry "CAN"]

1. e4 g6 2. d4 d6 3. Nc3 c6 4. a4 a5 5. Nf3 Bg7 6. Be3 Na6 7. h3 Nb4 8. Bc4 Nf6 9. Bb3 O-O 10. Qd2 Be6 11. Bxe6 fxe6 12. O-O Qd7 13. Rac1 Rac8 14. Bh6 c5 15. Bxg7 Kxg7 16. Rfe1 cxd4 17. Nxd4 e5 18. Nb3 b6 19. f4 Qe6 20. fxe5 Qxe5 21. Qd4 Nd7 22. Qxe5+ dxe5 23. Red1 Nf6 24. Rd2 Rc4 25. Re1 Rfc8 26. Ree2 Rxc3 27. bxc3 Na2 28. Re1 Nxc3 29. Rd3 Nxa4 30. Nxa5 bxa5 31. Ra3 Rc4 0-1

[Event "Gatineau op"]
[Site "Gatineau CAN"]
[Date "2015.03.07"]
[Round "3"]
[White "Hebert, Jean"]
[Black "Gelblum, Robert"]
[Result "1/2-1/2"]
[WhiteElo "2467"]
[BlackElo "2259"]
[PlyCount "96"]
[GameId "2160767908959749"]
[EventDate "2015.03.06"]
[EventType "swiss"]
[EventRounds "5"]
[EventCountry "CAN"]

1. c4 e5 2. Nc3 Nc6 3. e3 f5 4. d4 e4 5. Nh3 Nf6 6. Nf4 Bb4 7. Qb3 a5 8. Bd2 b6 9. h4 Bb7 10. a3 Bxc3 11. Bxc3 a4 12. Qc2 Qe7 13. O-O-O Nd8 14. d5 c5 15. h5 Nf7 16. Be2 O-O 17. h6 g6 18. Kb1 d6 19. Ne6 Rfb8 20. f3 exf3 21. gxf3 Bc8 22. Nc7 Ra7 23. Nb5 Raa8 24. Rdg1 Ne5 25. e4 fxe4 26. fxe4 Bd7 27. Re1 Rf8 28. Bf1 Rf7 29. Bh3 Bxh3 30. Rxh3 Nfg4 31. Bxe5 Nxe5 32. Rhh1 Ng4 33. Re2 Ne5 34. Ka2 Rf3 35. Rhh2 Ng4 36. Rhg2 Ne5 37. Ref2 Rxf2 38. Rxf2 Ng4 39. Re2 Ne5 40. Re3 Ng4 41. Rg3 Ne5 42. Rc3 Ng4 43. Qd2 Ne5 44. Qd1 Nf7 45. Qh1 Re8 46. Qd1 Ra8 47. Qh1 Re8 48. Qd1 Ra8 1/2-1/2

[Event "Gatineau op"]
[Site "Gatineau CAN"]
[Date "2015.03.08"]
[Round "4"]
[White "Sambuev, Bator"]
[Black "Hebert, Jean"]
[Result "1/2-1/2"]
[WhiteElo "2662"]
[BlackElo "2467"]
[PlyCount "79"]
[GameId "2160767908967956"]
[EventDate "2015.03.06"]
[EventType "swiss"]
[EventRounds "5"]
[EventCountry "CAN"]

1. e4 c5 2. Nf3 Nc6 3. d4 cxd4 4. Nxd4 Qb6 5. Nb3 Nf6 6. Bd3 d6 7. Nc3 e6 8. Be3 Qc7 9. f4 Be7 10. g4 a6 11. g5 Nd7 12. Qe2 b5 13. O-O-O Nc5 14. Kb1 b4 15. Nd5 exd5 16. exd5 Nxd3 17. dxc6 Qxc6 18. Qxd3 O-O 19. f5 Re8 20. f6 Bf8 21. fxg7 Bxg7 22. Bd4 Bg4 23. Rde1 Qd5 24. Rhf1 Rxe1+ 25. Rxe1 Bf5 26. Qe3 Rc8 27. Bxg7 Rxc2 28. Ka1 Kxg7 29. Qe7 Rc8 30. h4 Bg6 31. Qd7 Rc4 32. Qd8 Rf4 33. Rc1 Qd3 34. h5 Bxh5 35. Rc8 Kg6 36. Nc1 Qd2 37. Rc5 Kg7 38. Rc8 Kg6 39. Rc5 Kg7 40. Rc8 1/2-1/2

[Event "Pere Noel"]
[Site "Montreal CAN"]
[Date "2014.12.26"]
[Round "1"]
[White "Hebert, Jean"]
[Black "Forget, Luc"]
[Result "1-0"]
[WhiteElo "2456"]
[BlackElo "1933"]
[PlyCount "57"]
[GameId "2160767908993394"]
[EventDate "2014.12.26"]
[EventType "swiss"]
[EventRounds "5"]
[EventCountry "CAN"]
[SourceTitle "hb 2014"]

1. Nf3 d5 2. c4 c6 3. d4 Nf6 4. e3 e6 5. Nc3 Be7 6. Qc2 Nbd7 7. b3 O-O 8. Bd3 dxc4 9. bxc4 Qc7 10. Bb2 Re8 11. O-O-O Nf8 12. Ne5 N6d7 13. f4 a6 14. c5 b5 15. Nxc6 Nf6 16. Ne5 Bd7 17. Kb1 Reb8 18. Nxd7 Qxd7 19. Qb3 Ng4 20. Rhe1 Nf2 21. Rd2 Nxd3 22. Rxd3 Bxc5 23. d5 Rc8 24. Ne4 f5 25. Ng5 Qe7 26. Red1 h6 27. Nxe6 Nxe6 28. dxe6 Re8 29. Rd7 1-0

[Event "Pere Noel"]
[Site "Montreal CAN"]
[Date "2014.12.27"]
[Round "2"]
[White "Clyde, Jordan"]
[Black "Hebert, Jean"]
[Result "0-1"]
[WhiteElo "2130"]
[BlackElo "2456"]
[PlyCount "134"]
[GameId "2160767908993408"]
[EventDate "2014.12.26"]
[EventType "swiss"]
[EventRounds "5"]
[EventCountry "CAN"]
[SourceTitle "hb 2014"]

1. b3 e5 2. Bb2 Nc6 3. e3 Nf6 4. d4 exd4 5. exd4 d5 6. Nf3 Bb4+ 7. c3 Bd6 8. Be2 O-O 9. O-O Ne4 10. c4 Be6 11. Nc3 Nxc3 12. Bxc3 a6 13. Bd2 Re8 14. Be3 f6 15. Bd3 Qd7 16. Qb1 g6 17. c5 Bf8 18. b4 Bg4 19. Nh4 f5 20. h3 Bh5 21. b5 axb5 22. Bxb5 Bg7 23. Qd3 Re4 24. Bxc6 Qxc6 25. g3 Ra4 26. Rab1 f4 27. gxf4 Bxd4 28. Ng2 Bf6 29. Qb3 Be2 30. Rfe1 Ba6 31. f3 Reb4 32. Qc2 Rc4 33. Qf2 d4 34. Bc1 Rxc5 35. f5 Rxf5 36. Bf4 d3 37. Rbc1 Rc4 38. Rxc4 Bxc4 39. Qg3 Bc3 40. Rd1 Qf6 41. Be3 Be5 42. Qg4 Be6 43. Rf1 Rh5 44. Qe4 Bxh3 45. f4 Bd6 46. Qxb7 Qe6 47. Qb8+ Bf8 48. Qb3 Qxb3 49. axb3 Rb5 50. Rc1 Rxb3 51. Rxc7 d2 52. Bxd2 Rg3 53. Bc3 Rxg2+ 54. Kh1 Rc2 55. Kg1 Bf5 56. Kf1 h5 57. Be5 Rxc7 58. Bxc7 Kf7 59. Kf2 Ke6 60. Kg3 Bd6 61. Bd8 Be7 62. Bb6 Kd5 63. Kf3 Bg4+ 64. Kg3 Ke4 65. Bc7 Bb4 66. Kh4 Be1+ 67. Kg5 Bf5 0-1

[Event "Pere Noel"]
[Site "Montreal CAN"]
[Date "2014.12.28"]
[Round "3"]
[White "Hebert, Jean"]
[Black "Ouellet, Maili-Jade"]
[Result "1-0"]
[WhiteElo "2456"]
[BlackElo "1945"]
[PlyCount "67"]
[GameId "2160767908993435"]
[EventDate "2014.12.26"]
[EventType "swiss"]
[EventRounds "5"]
[EventCountry "CAN"]
[SourceTitle "hb 2014"]

1. c4 e6 2. d4 d5 3. Nc3 Nf6 4. Nf3 Be7 5. Bf4 c6 6. e3 O-O 7. h3 Nbd7 8. a3 Re8 9. c5 Nf8 10. Bd3 Ng6 11. Bh2 Nd7 12. b4 Bf6 13. O-O e5 14. Bxg6 hxg6 15. Ne2 b6 16. b5 e4 17. Nd2 bxc5 18. bxc6 Nf8 19. Nb3 Ne6 20. Nf4 Nxf4 21. Bxf4 cxd4 22. Nxd4 Ba6 23. Re1 Bxd4 24. Qxd4 Bc4 25. Reb1 Qa5 26. Be5 f6 27. Bg3 Rac8 28. c7 Qa6 29. Rb8 Kh7 30. Qc5 f5 31. Rxc8 Rxc8 32. Rb1 Qa4 33. Qe7 Ba6 34. Be5 1-0

[Event "Pere Noel"]
[Site "Montreal CAN"]
[Date "2014.12.29"]
[Round "4"]
[White "Chiku-Ratte, Olivier-Kenta"]
[Black "Hebert, Jean"]
[Result "1-0"]
[WhiteElo "2301"]
[BlackElo "2456"]
[PlyCount "69"]
[GameId "2160767908993447"]
[EventDate "2014.12.26"]
[EventType "swiss"]
[EventRounds "5"]
[EventCountry "CAN"]
[SourceTitle "hb 2014"]

1. d4 Nf6 2. c4 e6 3. Nc3 Bb4 4. f3 d5 5. a3 Be7 6. e4 dxe4 7. fxe4 e5 8. d5 c6 9. Nf3 O-O 10. Bd3 Nbd7 11. O-O a5 12. Rb1 Re8 13. Kh1 cxd5 14. cxd5 Bc5 15. b4 axb4 16. axb4 Bb6 17. Qe2 Nf8 18. Bg5 h6 19. Bxf6 Qxf6 20. Nd4 Qe7 21. Nf5 Bxf5 22. exf5 Nh7 23. Ne4 Nf6 24. d6 Qd8 25. Bb5 Rf8 26. Nxf6+ Qxf6 27. d7 Rfd8 28. Qe4 Rab8 29. Rbc1 Bd4 30. Qd5 Kf8 31. Rc4 Bb6 32. Rfc1 Ke7 33. Re1 Kf8 34. Qxe5 Qxe5 35. Rxe5 1-0

[Event "Pere Noel"]
[Site "Montreal CAN"]
[Date "2014.12.30"]
[Round "5"]
[White "Hebert, Jean"]
[Black "Zhu, Hong Rui"]
[Result "1/2-1/2"]
[WhiteElo "2456"]
[BlackElo "2174"]
[PlyCount "60"]
[GameId "2160767908993469"]
[EventDate "2014.12.26"]
[EventType "swiss"]
[EventRounds "5"]
[EventCountry "CAN"]
[SourceTitle "hb 2014"]

1. d4 d5 2. c4 e6 3. Nc3 c6 4. Nf3 dxc4 5. a4 Bb4 6. e3 b5 7. Bd2 a5 8. axb5 Bxc3 9. Bxc3 cxb5 10. b3 Bb7 11. bxc4 b4 12. Bb2 Nf6 13. Be2 O-O 14. O-O Nbd7 15. c5 Bc6 16. Nd2 Qc7 17. Ra4 Rfd8 18. Bf3 Nd5 19. Qa1 Ra7 20. Rc1 Rc8 21. Bd1 Rca8 22. g3 N7f6 23. Qa2 h6 24. Bb3 Ra6 25. Bc4 R6a7 26. Bb3 Ra6 27. Qa1 R6a7 28. Qa2 Ra6 29. Bd1 R6a7 30. Bb3 Ra6 1/2-1/2

[Event "Varennes op"]
[Site "Varennes CAN"]
[Date "2014.11.07"]
[Round "1"]
[White "Barre, Michel"]
[Black "Hebert, Jean"]
[Result "0-1"]
[WhiteElo "1964"]
[BlackElo "2461"]
[PlyCount "82"]
[GameId "2160767909010267"]
[EventDate "2014.11.07"]
[EventType "swiss"]
[EventRounds "5"]
[EventCountry "CAN"]
[SourceTitle "EXT 2022"]
[Source "ChessBase"]
[SourceDate "2021.10.06"]
[SourceVersion "1"]
[SourceVersionDate "2021.10.06"]
[SourceQuality "1"]

1. e4 c5 2. Nf3 e6 3. d4 cxd4 4. Nxd4 Nc6 5. Nc3 Qc7 6. Be3 a6 7. Qd2 Nf6 8. O-O-O Bb4 9. f3 h5 10. Nb3 Be7 11. Qf2 b5 12. Qg3 Qxg3 13. hxg3 d6 14. Bf4 Ne5 15. Kb1 Bd7 16. a3 Rc8 17. Be2 Bc6 18. Bg5 Nfd7 19. Be3 Ba8 20. Nd2 g6 21. f4 Nc6 22. g4 h4 23. g5 f6 24. Nf3 fxg5 25. fxg5 Nce5 26. Nxh4 Nc5 27. Bf3 Rg8 28. Bf4 Ncd7 29. Be2 Rf8 30. Rhf1 Kd8 31. Be3 Kc7 32. Nf3 Nc4 33. Bc1 Nde5 34. b3 Nb6 35. Nd4 Kd7 36. Nf3 Nxf3 37. Nxb5 Bxe4 38. Nxd6 Bxd6 39. gxf3 Bxc2+ 40. Ka2 Bxd1 41. Rxd1 Rc2+ 0-1

[Event "Varennes op"]
[Site "Varennes CAN"]
[Date "2014.11.08"]
[Round "2"]
[White "Hebert, Jean"]
[Black "Zhu, Hong Rui"]
[Result "1-0"]
[WhiteElo "2461"]
[BlackElo "2180"]
[PlyCount "103"]
[GameId "2160767909010283"]
[EventDate "2014.11.07"]
[EventType "swiss"]
[EventRounds "5"]
[EventCountry "CAN"]
[SourceTitle "EXT 2022"]
[Source "ChessBase"]
[SourceDate "2021.10.06"]
[SourceVersion "1"]
[SourceVersionDate "2021.10.06"]
[SourceQuality "1"]

1. Nf3 c5 2. c4 Nc6 3. d4 cxd4 4. Nxd4 Nf6 5. Nc3 g6 6. g3 Bg7 7. Bg2 O-O 8. Nc2 d6 9. O-O Nd7 10. Bd2 Nb6 11. b3 Be6 12. Ne3 Qd7 13. Re1 Bh3 14. Bh1 e6 15. Rc1 Ne7 16. Ne4 Bf5 17. Nxf5 Nxf5 18. c5 d5 19. Ng5 Nc8 20. e4 dxe4 21. Bxe4 Nce7 22. Bf4 Rfd8 23. Nf3 Qb5 24. Qe2 Qxe2 25. Rxe2 Nd5 26. Be5 Bxe5 27. Nxe5 Nd4 28. Rd2 Nc6 29. Nc4 Nde7 30. Rcd1 Rxd2 31. Rxd2 Rd8 32. Rxd8+ Nxd8 33. b4 f5 34. Bf3 Nec6 35. a3 Nd4 36. Bd1 Nf7 37. f4 Kf8 38. Kf2 Ke7 39. Ke3 Nb5 40. Bf3 Nd8 41. Kd3 Kd7 42. a4 Nc7 43. Ne5+ Kc8 44. Kd4 Na6 45. b5 Nb8 46. Nc4 Kd7 47. a5 a6 48. Ne5+ Ke7 49. Kc4 Nd7 50. Nxd7 Kxd7 51. Bxb7 Nxb7 52. c6+ 1-0

[Event "Varennes op"]
[Site "Varennes CAN"]
[Date "2014.11.08"]
[Round "3"]
[White "Libersan, Thierry"]
[Black "Hebert, Jean"]
[Result "1/2-1/2"]
[WhiteElo "2182"]
[BlackElo "2461"]
[PlyCount "99"]
[GameId "2160767909010299"]
[EventDate "2014.11.07"]
[EventType "swiss"]
[EventRounds "5"]
[EventCountry "CAN"]
[SourceTitle "EXT 2022"]
[Source "ChessBase"]
[SourceDate "2021.10.06"]
[SourceVersion "1"]
[SourceVersionDate "2021.10.06"]
[SourceQuality "1"]

1. e4 c5 2. Nf3 e6 3. d4 cxd4 4. Nxd4 Nc6 5. Nc3 Qc7 6. g3 a6 7. Bg2 Nf6 8. O-O Be7 9. Re1 Nxd4 10. Qxd4 Bc5 11. Qd1 d6 12. Be3 e5 13. Bxc5 Qxc5 14. Qd2 Be6 15. Rad1 Ke7 16. h3 Rhd8 17. Kh2 Rac8 18. a3 Qb6 19. Re3 Rc4 20. Rd3 Ne8 21. f4 f6 22. fxe5 fxe5 23. Qg5+ Kd7 24. Qxe5 Qc5 25. Qxc5 Rxc5 26. b4 Re5 27. Nd5 Bxd5 28. Rxd5 Ke7 29. Rxe5+ dxe5 30. Rxd8 Kxd8 31. Bf1 Nd6 32. Bd3 b5 33. Kg2 Kd7 34. Kf3 h6 35. h4 Ke6 36. c3 Ke7 37. Ke2 Kd7 38. Bc2 Kc6 39. a4 bxa4 40. Bxa4+ Kb6 41. Kf3 a5 42. bxa5+ Kxa5 43. Bc6 Kb6 44. Bd5 Ne8 45. Kg4 g6 46. Kf3 Nf6 47. g4 g5 48. hxg5 hxg5 49. Be6 Kc5 50. Ke3 1/2-1/2

[Event "Varennes op"]
[Site "Varennes CAN"]
[Date "2014.11.09"]
[Round "4"]
[White "Hebert, Jean"]
[Black "Chabot, Roland"]
[Result "1-0"]
[WhiteElo "2461"]
[BlackElo "2191"]
[PlyCount "70"]
[GameId "2160767909010310"]
[EventDate "2014.11.07"]
[EventType "swiss"]
[EventRounds "5"]
[EventCountry "CAN"]
[SourceTitle "EXT 2022"]
[Source "ChessBase"]
[SourceDate "2021.10.06"]
[SourceVersion "1"]
[SourceVersionDate "2021.10.06"]
[SourceQuality "1"]

1. Nf3 Nf6 2. c4 g6 3. Nc3 Bg7 4. d4 O-O 5. Bg5 c5 6. d5 d6 7. e3 Qb6 8. Qc1 h6 9. Bh4 g5 10. Bg3 Nh5 11. Be2 Nd7 12. Qc2 f5 13. Nd2 Nxg3 14. hxg3 Nf6 15. f4 gxf4 16. gxf4 Ng4 17. Bxg4 fxg4 18. O-O-O Bf5 19. e4 Bd7 20. f5 Qa5 21. Rh4 b5 22. cxb5 a6 23. b6 Qxb6 24. Rxg4 Rab8 25. Rh1 Rf6 26. Rh3 Kf8 27. Rhg3 Rf7 28. Nc4 Qb4 29. b3 h5 30. Rg5 Bh6 31. Qd2 Rg7 32. Rxg7 Bxd2+ 33. Kxd2 Bxf5 34. exf5 Ke8 35. f6 Rd8 1-0

[Event "Varennes op"]
[Site "Varennes CAN"]
[Date "2014.11.09"]
[Round "5"]
[White "Sambuev, Bator"]
[Black "Hebert, Jean"]
[Result "1-0"]
[WhiteElo "2559"]
[BlackElo "2461"]
[PlyCount "127"]
[GameId "2160767909010326"]
[EventDate "2014.11.07"]
[EventType "swiss"]
[EventRounds "5"]
[EventCountry "CAN"]
[SourceTitle "EXT 2022"]
[Source "ChessBase"]
[SourceDate "2021.10.06"]
[SourceVersion "1"]
[SourceVersionDate "2021.10.06"]
[SourceQuality "1"]

1. d4 Nf6 2. Nf3 e6 3. e3 b6 4. Bd3 Bb7 5. O-O d5 6. c4 Bd6 7. Nc3 Nbd7 8. Re1 O-O 9. e4 dxc4 10. Bxc4 e5 11. Bg5 h6 12. Bh4 c6 13. Bb3 Re8 14. h3 exd4 15. Qxd4 Be5 16. Nxe5 Nxe5 17. Qe3 Ng6 18. Bg3 Qe7 19. e5 Nd5 20. Bxd5 cxd5 21. Nb5 Qd7 22. Nd6 Re6 23. Qd3 Ne7 24. Rac1 Rf8 25. Re2 Bc6 26. Rec2 f6 27. f4 Rxd6 28. exd6 Qxd6 29. f5 Qd7 30. Qe2 Nxf5 31. Rxc6 Nxg3 32. Qe6+ Qxe6 33. Rxe6 Rf7 34. Rc8+ Kh7 35. Kf2 Ne4+ 36. Ke3 Nc5 37. Ree8 Kg6 38. b4 Na6 39. a3 Nc7 40. Red8 Re7+ 41. Kd2 h5 42. Rb8 Nb5 43. a4 Nd4 44. Re8 Rc7 45. Rbc8 Rb7 46. Kd3 Nf5 47. Rcd8 Ne7 48. Rd6 Rc7 49. b5 Kf7 50. Ra8 h4 51. a5 bxa5 52. Ra6 Rc5 53. Rxa5 Nc8 54. b6 Rxa5 55. b7 Nb6 56. Rd8 Nc4 57. b8=Q Ne5+ 58. Kc2 Ra2+ 59. Kb3 Rxg2 60. Rh8 Rg3+ 61. Ka4 Kg6 62. Rxh4 Re3 63. Qxa7 Rd3 64. Qg1+ 1-0

[Event "Montreal op"]
[Site "Montreal CAN"]
[Date "2014.09.05"]
[Round "1"]
[White "Drolet, Stephane"]
[Black "Hebert, Jean"]
[Result "0-1"]
[WhiteElo "2135"]
[BlackElo "2467"]
[PlyCount "142"]
[GameId "2160767909048412"]
[EventDate "2014.09.05"]
[EventType "swiss"]
[EventRounds "5"]
[EventCountry "CAN"]
[SourceTitle "hb 2014"]

1. d4 Nf6 2. Nf3 e6 3. Bf4 b6 4. Nbd2 Bb7 5. c3 d6 6. Qc2 g6 7. e4 Bg7 8. Bd3 O-O 9. O-O Nbd7 10. Rfe1 Qe7 11. Nc4 Rfe8 12. e5 dxe5 13. Ncxe5 Nd5 14. Bd2 Nxe5 15. dxe5 a6 16. a3 b5 17. c4 bxc4 18. Bxc4 c5 19. Rac1 Rec8 20. Qb3 h6 21. Bd3 Rab8 22. Qd1 Rd8 23. Qe2 Nc7 24. b4 Bxf3 25. Qxf3 Qd7 26. Re3 Nd5 27. Re2 cxb4 28. axb4 Nxb4 29. Bxb4 Qxd3 30. Bd6 Qxf3 31. gxf3 Rb3 32. Kg2 Bf8 33. Rd2 Bxd6 34. Rxd6 Rxd6 35. exd6 Rd3 36. Rc6 a5 37. Ra6 Kg7 38. Kg3 Kf6 39. Rxa5 Rxd6 40. Ra4 Rd3 41. Rf4+ Kg7 42. Re4 Rd5 43. f4 Kf6 44. Ra4 Kf5 45. Rb4 f6 46. Ra4 e5 47. fxe5 fxe5 48. Ra8 Rd3+ 49. Kg2 h5 50. Rf8+ Ke4 51. Rg8 Rd6 52. Rg7 Rf6 53. Ra7 Rf4 54. h3 Kf5 55. Ra5 g5 56. Ra8 g4 57. hxg4+ Rxg4+ 58. Kf3 Rg6 59. Rf8+ Kg5 60. Re8 Rf6+ 61. Kg2 Kf4 62. Rg8 Rf5 63. Ra8 e4 64. Ra3 Rg5+ 65. Kh2 h4 66. Rb3 Rd5 67. Kg2 Rd3 68. Rb8 h3+ 69. Kf1 Rd1+ 70. Ke2 h2 71. Rf8+ Ke5 0-1

[Event "Montreal op"]
[Site "Montreal CAN"]
[Date "2014.09.06"]
[Round "2"]
[White "Hebert, Jean"]
[Black "Prahov, Valentin"]
[Result "1/2-1/2"]
[WhiteElo "2457"]
[BlackElo "2256"]
[PlyCount "30"]
[GameId "2160767909048429"]
[EventDate "2014.09.05"]
[EventType "swiss"]
[EventRounds "5"]
[EventCountry "CAN"]
[SourceTitle "EXT 2022"]
[Source "ChessBase"]
[SourceDate "2021.10.06"]
[SourceVersion "1"]
[SourceVersionDate "2021.10.06"]
[SourceQuality "1"]

1. Nf3 Nf6 2. c4 g6 3. Nc3 d5 4. cxd5 Nxd5 5. Qb3 Nb6 6. d4 Be6 7. Qc2 Nc6 8. Bf4 Nxd4 9. Nxd4 Qxd4 10. Bxc7 Bg7 11. e3 Qc5 12. Bxb6 Bxc3+ 13. bxc3 axb6 14. Be2 O-O 15. O-O Rfc8 1/2-1/2

[Event "Montreal op"]
[Site "Montreal CAN"]
[Date "2014.09.06"]
[Round "3"]
[White "Hebert, Jean"]
[Black "Barre, Michel"]
[Result "1-0"]
[WhiteElo "2467"]
[BlackElo "1935"]
[PlyCount "91"]
[GameId "2160767909048441"]
[EventDate "2014.09.05"]
[EventType "swiss"]
[EventRounds "5"]
[EventCountry "CAN"]
[SourceTitle "hb 2014"]

1. Nf3 Nf6 2. c4 e6 3. g3 d5 4. Bg2 dxc4 5. Qa4+ Nbd7 6. Qxc4 a6 7. b3 b5 8. Qc2 Bb7 9. Bb2 Be7 10. O-O O-O 11. d3 c5 12. Nbd2 Qb6 13. Rac1 Rac8 14. e4 Rfd8 15. Rfe1 Nb8 16. a3 Nc6 17. Qb1 Rd7 18. e5 Ne8 19. Ne4 Na5 20. Bc3 Bd5 21. Nfd2 b4 22. axb4 cxb4 23. Bd4 Rxc1 24. Bxb6 Rxb1 25. Rxb1 Nc6 26. f4 f5 27. exf6 Nxf6 28. Rc1 Ne8 29. Nc4 h6 30. Ne3 Bxe4 31. Bxe4 Nd4 32. Rc8 Kf7 33. Nc4 Bf6 34. Kg2 Nxb3 35. Bc6 Re7 36. Bxe8+ Rxe8 37. Nd6+ Ke7 38. Nxe8 Bc3 39. Nc7 a5 40. f5 a4 41. fxe6 a3 42. Re8+ Kd6 43. Nb5+ Kd5 44. Ra8 Bf6 45. Nxa3 bxa3 46. Rxa3 1-0

[Event "Montreal op"]
[Site "Montreal CAN"]
[Date "2014.09.07"]
[Round "4"]
[White "MacKinnon, Keith"]
[Black "Hebert, Jean"]
[Result "1/2-1/2"]
[WhiteElo "2283"]
[BlackElo "2467"]
[PlyCount "46"]
[GameId "2160767909048461"]
[EventDate "2014.09.05"]
[EventType "swiss"]
[EventRounds "5"]
[EventCountry "CAN"]
[SourceTitle "hb 2014"]

1. e4 e6 2. d4 d5 3. Nd2 Be7 4. Ngf3 Nf6 5. e5 Nfd7 6. Bd3 c5 7. c3 Nc6 8. O-O Qb6 9. Re1 cxd4 10. cxd4 Nxd4 11. Nxd4 Qxd4 12. Nf3 Qb6 13. Qa4 Qb4 14. Qc2 Nc5 15. Bd2 Qa4 16. b3 Qg4 17. Bb5+ Bd7 18. Bxd7+ Nxd7 19. Qc7 Rb8 20. Rac1 Bd8 21. Qd6 Be7 22. Qc7 Bd8 23. Qd6 Be7 1/2-1/2

[Event "Montreal op"]
[Site "Montreal CAN"]
[Date "2014.09.07"]
[Round "5"]
[White "Hebert, Jean"]
[Black "Hambleton, Aman"]
[Result "1/2-1/2"]
[WhiteElo "2467"]
[BlackElo "2616"]
[PlyCount "100"]
[GameId "2160767909048472"]
[EventDate "2014.09.05"]
[EventType "swiss"]
[EventRounds "5"]
[EventCountry "CAN"]
[SourceTitle "EXT 2022"]
[Source "ChessBase"]
[SourceDate "2021.10.06"]
[SourceVersion "1"]
[SourceVersionDate "2021.10.06"]
[SourceQuality "1"]

1. Nf3 Nf6 2. c4 c5 3. Nc3 b6 4. g3 Bb7 5. Bg2 e6 6. O-O a6 7. b3 Be7 8. d4 cxd4 9. Qxd4 d6 10. Rd1 Nbd7 11. e4 Qc7 12. Ba3 Nc5 13. e5 dxe5 14. Qxe5 Rc8 15. Qxc7 Rxc7 16. Bxc5 Bxc5 17. Ne5 Bxg2 18. Kxg2 Ke7 19. Na4 Rb8 20. Nxc5 Rxc5 21. f4 Rc7 22. Kf3 Ne8 23. Ke3 Rd8 24. Rxd8 Kxd8 25. Rd1+ Ke7 26. g4 Nd6 27. Rd2 f6 28. Nf3 b5 29. cxb5 Nxb5 30. Nd4 Rc3+ 31. Rd3 Rc5 32. Nxb5 axb5 33. a4 bxa4 34. bxa4 Rc2 35. Ra3 Rxh2 36. Ke4 Rc2 37. a5 Rc7 38. a6 Ra7 39. f5 g6 40. Rh3 exf5+ 41. gxf5 Kd6 42. Rh6 Rxa6 43. fxg6 hxg6 44. Rxg6 Ke6 45. Rh6 Ra4+ 46. Kf3 Kf5 47. Rh5+ Kg6 48. Rb5 f5 49. Rb8 Ra3+ 50. Kf4 Ra4+ 1/2-1/2

[Event "CAN-op U2400"]
[Site "Montreal CAN"]
[Date "2014.07.19"]
[Round "1"]
[White "Hebert, Jean"]
[Black "Upper, John"]
[Result "1-0"]
[WhiteElo "2378"]
[BlackElo "2042"]
[PlyCount "93"]
[GameId "2160767909069670"]
[EventDate "2014.07.19"]
[EventType "swiss"]
[EventRounds "9"]
[EventCountry "CAN"]
[SourceTitle "EXT 2022"]
[Source "ChessBase"]
[SourceDate "2021.10.06"]
[SourceVersion "1"]
[SourceVersionDate "2021.10.06"]
[SourceQuality "1"]

1. c4 c6 2. Nf3 d5 3. e3 Nf6 4. d4 Bg4 5. Nc3 e6 6. h3 Bxf3 7. Qxf3 Nbd7 8. Bd3 Bb4 9. Bd2 O-O 10. a3 Ba5 11. cxd5 cxd5 12. b4 Bc7 13. O-O Nb6 14. Rfd1 Rc8 15. e4 dxe4 16. Nxe4 Nxe4 17. Qxe4 g6 18. Bh6 Re8 19. Bb5 Qd5 20. Qxd5 Nxd5 21. Bxe8 Rxe8 22. Rac1 f6 23. h4 Kf7 24. Be3 Rd8 25. Rc4 Rd7 26. Rdc1 Ke7 27. Kf1 Kd8 28. Ke2 Nb6 29. R4c2 Nd5 30. g4 Rd6 31. Rb2 Ra6 32. Rb3 Bd6 33. Kf3 b5 34. Bd2 Kd7 35. Ke2 Nb6 36. g5 Nc4 37. Rcc3 Nxd2 38. Kxd2 fxg5 39. hxg5 Bf4+ 40. Ke2 Rd6 41. Rc5 Rxd4 42. Rxb5 Kc6 43. Rc5+ Kb6 44. Rd3 Rxd3 45. Kxd3 e5 46. a4 Bxg5 47. Rxe5 1-0

[Event "CAN-op U2400"]
[Site "Montreal CAN"]
[Date "2014.07.20"]
[Round "2"]
[White "Zhu, Hong Rui"]
[Black "Hebert, Jean"]
[Result "1/2-1/2"]
[WhiteElo "2069"]
[BlackElo "2378"]
[PlyCount "82"]
[GameId "2160767909069717"]
[EventDate "2014.07.19"]
[EventType "swiss"]
[EventRounds "9"]
[EventCountry "CAN"]
[SourceTitle "EXT 2022"]
[Source "ChessBase"]
[SourceDate "2021.10.06"]
[SourceVersion "1"]
[SourceVersionDate "2021.10.06"]
[SourceQuality "1"]

1. e4 e6 2. d4 d5 3. Nd2 Nf6 4. e5 Nfd7 5. Bd3 c5 6. c3 Nc6 7. Ne2 cxd4 8. cxd4 Nb6 9. O-O Bd7 10. f4 g6 11. Nf3 Nb4 12. Bb1 Bb5 13. Bd2 a5 14. Bxb4 Bxb4 15. Rf2 a4 16. Nc3 Bc4 17. a3 Be7 18. Bc2 Qd7 19. Rc1 h5 20. g3 Kf8 21. Kg2 Bb5 22. Nxb5 Qxb5 23. Bd3 Nc4 24. Bxc4 dxc4 25. Qf1 Rc8 26. Rfc2 Kg7 27. Kg1 Rc6 28. Qe2 Rhc8 29. Nd2 Qb6 30. Qf2 Rd8 31. Nxc4 Qxd4 32. Qxd4 Rxd4 33. Ne3 Rb6 34. Rd1 Re4 35. Kf2 Rb3 36. Nf1 b6 37. Nd2 Rd4 38. Ke2 Rbd3 39. Rdc1 Bc5 40. Nf3 Rd7 41. Rc3 R3d5 1/2-1/2